00411nam a2200157Ia 4500008004000000082001600040100001900056245002400075260002900099300001300128650000800141650001200149650001000161650007600171650000600247210210b1987 xxu||||| |||| 00| 0 eng d a823.01 CAME aCAMUS (Albert) aExile & the kingdom aN DbPenguin Booksc1987 aviii,151 athe akingdom aExile aAdulterous Woman Renegade Silent Men Guest Artist at Work Growing Stone a&